000 00580nam a2200169 a 4500
005 20140412111426.0
008 090626s19uu xx 00 eng d
020 _a0-439-56035-7
050 _aTR(GS 372.414
_bSh2 2005
100 _aShaw, Darla
245 _aRetelling strategies to improve comprehension :
_bEffective hands on strategies for fiction and nonfiction that help students remember and understand what they read.
260 _aU.S.A :
_bScholastic,
_c2005.
300 _a96p.
440 _aTeaching Strategies
650 _aReading Comprehension
999 _c106236
_d106236